00483 2200169 4500001002100000005001500021035002000036007000300056008004100059020001800100082001100118084001700129100003300146245007800179260004600257990001000303INLIS00000000000899620210610123704 a0010-0621000064ta210610 g 0 ind  a9786022495239 a028.53 a028.53 WAT m0 aWatiek Ideo, Fitri Kurniawan1 aMuffielocca :brahasia tujuk kue istimewa /cWatiek Ideo, Fitri Kurniawan aJakarta :bPT. Bhuana Ilmu Populer,c2014 a16308